Modernity and its malcontents : (Record no. 3182)
[ view plain ]
| 000 -LEADER | |
|---|---|
| fixed length control field | 01623pam a2200373 a 4500 |
| 001 - CONTROL NUMBER | |
| control field | 2994661 |
| 003 - CONTROL NUMBER IDENTIFIER | |
| control field | OSt |
| 005 - DATE AND TIME OF LATEST TRANSACTION | |
| control field | 20160307144943.0 |
| 008 - FIXED-LENGTH DATA ELEMENTS--GENERAL INFORMATION | |
| fixed length control field | 930104s1993 ilua b 101 0 eng |
| 010 ## - LIBRARY OF CONGRESS CONTROL NUMBER | |
| LC control number | 93000017 |
| 020 ## - INTERNATIONAL STANDARD BOOK NUMBER | |
| International Standard Book Number | 0226114392 (cloth : alk. paper) |
| 020 ## - INTERNATIONAL STANDARD BOOK NUMBER | |
| International Standard Book Number | 0226114406 (paper : alk. paper) |
| 040 ## - CATALOGING SOURCE | |
| Original cataloging agency | DLC |
| Transcribing agency | DLC |
| Modifying agency | DLC |
| 043 ## - GEOGRAPHIC AREA CODE | |
| Geographic area code | f------ |
| 050 00 - LIBRARY OF CONGRESS CALL NUMBER | |
| Classification number | GN645 |
| Item number | .M57 1993 |
| 082 00 - DEWEY DECIMAL CLASSIFICATION NUMBER | |
| Classification number | 303.4 |
| Edition number | 20 |
| Item number | MOD 1993 |
| 245 00 - TITLE STATEMENT | |
| Title | Modernity and its malcontents : |
| Remainder of title | ritual and power in postcolonial Africa / |
| Statement of responsibility, etc. | edited by Jean Comaroff and John Comaroff. |
| 260 ## - PUBLICATION, DISTRIBUTION, ETC. (IMPRINT) | |
| Place of publication, distribution, etc. | Chicago : |
| Name of publisher, distributor, etc. | University of Chicago Press, |
| Date of publication, distribution, etc. | 1993. |
| 300 ## - PHYSICAL DESCRIPTION | |
| Extent | xxxvii, 233 p. : |
| Other physical details | ill. ; |
| Dimensions | 24 cm. |
| 500 ## - GENERAL NOTE | |
| General note | Papers presented at a conference held in the winter of 1990 at the University of Chicago. |
| 504 ## - BIBLIOGRAPHY, ETC. NOTE | |
| Bibliography, etc | Includes bibliographical references and index. |
| 650 #0 - SUBJECT ADDED ENTRY--TOPICAL TERM | |
| Topical term or geographic name as entry element | Rites and ceremonies |
| Geographic subdivision | Africa |
| Form subdivision | Congresses. |
| 9 (RLIN) | 7115 |
| 650 #0 - SUBJECT ADDED ENTRY--TOPICAL TERM | |
| Topical term or geographic name as entry element | Witchcraft |
| Geographic subdivision | Africa |
| Form subdivision | Congresses. |
| 9 (RLIN) | 7116 |
| 650 #0 - SUBJECT ADDED ENTRY--TOPICAL TERM | |
| Topical term or geographic name as entry element | Power (Social sciences) |
| Form subdivision | Congresses. |
| 9 (RLIN) | 7117 |
| 651 #0 - SUBJECT ADDED ENTRY--GEOGRAPHIC NAME | |
| Geographic name | Africa |
| General subdivision | Politics and government |
| Form subdivision | Congresses. |
| 9 (RLIN) | 7118 |
| 651 #0 - SUBJECT ADDED ENTRY--GEOGRAPHIC NAME | |
| Geographic name | Africa |
| General subdivision | Social life and customs |
| Form subdivision | Congresses. |
| 9 (RLIN) | 7119 |
| 700 1# - ADDED ENTRY--PERSONAL NAME | |
| Personal name | Comaroff, Jean. |
| 9 (RLIN) | 7120 |
| 700 1# - ADDED ENTRY--PERSONAL NAME | |
| Personal name | Comaroff, John L., |
| Dates associated with a name | 1945- |
| 9 (RLIN) | 7121 |
| 856 42 - ELECTRONIC LOCATION AND ACCESS | |
| Materials specified | Publisher description |
| Uniform Resource Identifier | http://www.loc.gov/catdir/description/uchi051/93000017.html |
| 856 41 - ELECTRONIC LOCATION AND ACCESS | |
| Materials specified | Table of contents |
| Uniform Resource Identifier | http://www.loc.gov/catdir/toc/uchi051/93000017.html |
| 906 ## - LOCAL DATA ELEMENT F, LDF (RLIN) | |
| a | 7 |
| b | cbc |
| c | orignew |
| d | 1 |
| e | ocip |
| f | 19 |
| g | y-gencatlg |
| 942 ## - ADDED ENTRY ELEMENTS (KOHA) | |
| Source of classification or shelving scheme | Dewey Decimal Classification |
| Koha item type | Short Loan |
| Withdrawn status | Lost status | Source of classification or shelving scheme | Damaged status | Not for loan | Home library | Current library | Date acquired | Inventory number | Total Checkouts | Full call number | Barcode | Date last seen | Price effective from | Koha item type |
|---|---|---|---|---|---|---|---|---|---|---|---|---|---|---|
| Dewey Decimal Classification | MUST Main Library | MUST Main Library | 07/03/2016 | 2000/14720 | 303.4 MOD 1993 | 2016-0355 | 07/03/2016 | 07/03/2016 | Short Loan | |||||
| Dewey Decimal Classification | MUST Main Library | MUST Main Library | 08/04/2016 | 2000/14721 | 303.4 MOD 1993 | 2016-0649 | 08/04/2016 | 08/04/2016 | Short Loan |
